<?xml version="1.0" encoding="UTF-8"?>
<record
    xmlns:xsi="http://www.w3.org/2001/XMLSchema-instance"
    xsi:schemaLocation="http://www.loc.gov/MARC21/slim http://www.loc.gov/standards/marcxml/schema/MARC21slim.xsd"
    xmlns="http://www.loc.gov/MARC21/slim">

  <leader>01752cam a2200313 a 4500</leader>
  <controlfield tag="003">OSt</controlfield>
  <controlfield tag="005">20211007132646.0</controlfield>
  <controlfield tag="008">011012s2001    ck ad   r     000 0 spa d</controlfield>
  <datafield tag="020" ind1=" " ind2=" ">
    <subfield code="a">9586823180</subfield>
  </datafield>
  <datafield tag="040" ind1=" " ind2=" ">
    <subfield code="a">CO-BoPUJ</subfield>
    <subfield code="c">CO-JMCR</subfield>
  </datafield>
  <datafield tag="041" ind1="0" ind2=" ">
    <subfield code="a">spa</subfield>
  </datafield>
  <datafield tag="082" ind1="0" ind2="4">
    <subfield code="a">338.17373 /</subfield>
    <subfield code="b">P695C</subfield>
    <subfield code="2">23</subfield>
  </datafield>
  <datafield tag="100" ind1="1" ind2=" ">
    <subfield code="a">Pizano Salazar, Diego, </subfield>
    <subfield code="e">autor</subfield>
    <subfield code="9">2415</subfield>
  </datafield>
  <datafield tag="245" ind1="1" ind2="3">
    <subfield code="a">El caf&#xE9; en la encrucijada : </subfield>
    <subfield code="b">evoluci&#xF3;n y perspectivas /</subfield>
    <subfield code="c">Diego Pizano</subfield>
  </datafield>
  <datafield tag="250" ind1=" " ind2=" ">
    <subfield code="a">Primera edici&#xF3;n</subfield>
  </datafield>
  <datafield tag="260" ind1=" " ind2=" ">
    <subfield code="a">Bogot&#xE1; : </subfield>
    <subfield code="b">Alfaomega, </subfield>
    <subfield code="c">2001.</subfield>
  </datafield>
  <datafield tag="300" ind1=" " ind2=" ">
    <subfield code="a">xiii, 80 p&#xE1;ginas </subfield>
    <subfield code="b">ilustraciones, graficas en blanco y negro ; </subfield>
    <subfield code="c">21 cm.</subfield>
  </datafield>
  <datafield tag="490" ind1="0" ind2=" ">
    <subfield code="a">Libros de cambio</subfield>
  </datafield>
  <datafield tag="504" ind1=" " ind2=" ">
    <subfield code="a">Incluye referencias bibliogr&#xE1;ficas.</subfield>
  </datafield>
  <datafield tag="505" ind1=" " ind2=" ">
    <subfield code="a">El caf&#xE9; y el desarrollo econ&#xF3;mico de Colombia. -- Instituciones e instrumentos de la pol&#xED;tica cafetera colombiana. -- Pioneros, empresarios y dirigentes del sector. -- Evoluci&#xF3;n reciente del fondo nacional del caf&#xE9;. -- Comportamiento reciente de la econom&#xED;a cafetera internacional. </subfield>
  </datafield>
  <datafield tag="520" ind1="0" ind2=" ">
    <subfield code="a">En los &#xFA;ltimos 500 a&#xF1;os, el caf&#xE9; se ha transformado de monopolio &#xE1;rabe en producto europeo colonial, en motor del desarrollo de numerosos pa&#xED;ses de Asia, &#xC1;frica y Am&#xE9;rica Latina, en un negocio multinacional y en el segundo producto b&#xE1;sico de mayor importancia en el comercio internacional, despu&#xE9;s del petr&#xF3;leo.</subfield>
  </datafield>
  <datafield tag="610" ind1="2" ind2="4">
    <subfield code="a">Federaci&#xF3;n Nacional de Cafeteros de Colombia</subfield>
    <subfield code="9">36376</subfield>
  </datafield>
  <datafield tag="610" ind1="2" ind2="4">
    <subfield code="a">Fondo Nacional del Caf&#xE9;</subfield>
    <subfield code="9">41019</subfield>
  </datafield>
  <datafield tag="650" ind1="2" ind2="4">
    <subfield code="a">Industria del caf&#xE9;</subfield>
    <subfield code="z">Colombia</subfield>
    <subfield code="y">Siglo XX</subfield>
    <subfield code="9">41020</subfield>
  </datafield>
  <datafield tag="650" ind1="2" ind2="4">
    <subfield code="a">Desarrollo econ&#xF3;mico </subfield>
    <subfield code="x">Caf&#xE9;</subfield>
    <subfield code="z">Colombia</subfield>
    <subfield code="9">41021</subfield>
  </datafield>
  <datafield tag="650" ind1="2" ind2="4">
    <subfield code="a">Fondo Nacional del Caf&#xE9;</subfield>
    <subfield code="z">Colombia</subfield>
    <subfield code="9">41022</subfield>
  </datafield>
  <datafield tag="942" ind1=" " ind2=" ">
    <subfield code="2">ddc</subfield>
    <subfield code="c">BK</subfield>
  </datafield>
  <datafield tag="999" ind1=" " ind2=" ">
    <subfield code="c">12667</subfield>
    <subfield code="d">12667</subfield>
  </datafield>
  <datafield tag="952" ind1=" " ind2=" ">
    <subfield code="0">0</subfield>
    <subfield code="1">0</subfield>
    <subfield code="2">ddc</subfield>
    <subfield code="4">0</subfield>
    <subfield code="7">0</subfield>
    <subfield code="a">CPL</subfield>
    <subfield code="b">CPL</subfield>
    <subfield code="c">GEN</subfield>
    <subfield code="d">2018-04-15</subfield>
    <subfield code="e">Donaci&#xF3;n</subfield>
    <subfield code="o">338.17373 / P695c</subfield>
    <subfield code="p">430005352</subfield>
    <subfield code="r">2024-05-16 00:00:00</subfield>
    <subfield code="t">Ej.1</subfield>
    <subfield code="w">2021-03-10</subfield>
    <subfield code="y">BK</subfield>
  </datafield>
</record>
